000 00548nam a2200205Ia 4500
005 20250923144406.0
008 008 250917s9999 xx 000 0 eng d
037 _aTextual
040 _aDSWL
_beng
_cDSWL
041 _aeng
_2eng
084 _aY1:45:6, G7
_qDSWL
100 _aSheldon, Glueck E
_9824427
245 0 _aLater criminal careers
_cby Sheldon
260 _aNew York
_c1937
300 _a403 p.
365 _aINR
700 _aE Glueck
_9824428
942 _cTEXL
_hY1:45:6, G7
999 _c1438296
_d1438296